000 00570nam a22001817a 4500
005 20251108175142.0
008 250721s2012 xx 000 0 ara d
082 1 4 _a896.1.009/في
100 1 _aالغرفي، حسن
245 1 0 _aفي الشعر الإفريقي المعاصر: جيل الرواد نموذجا /
264 1 _aدبي :
_bالصدى للصحافة و النشر و التوزيع،
_c2012.
300 _a168ص.
650 1 7 _aالشعر
650 1 7 _aالنقد الادبي
650 1 7 _aافريقيا
942 _2ddc
_cBK
999 _c127389
_d127389